ბათუმის შოთა რუსთაველის სახელმწიფო უნივერსიტეტის ბიბლიოთეკა

ვედრება (ბიბ.ჩანაწერი № 51083)

000 -LEADER
fixed length control field 00699nam a2200229Ia 4500
001 - CONTROL NUMBER
control field 18040
003 - CONTROL NUMBER IDENTIFIER
control field GE_BSU
008 - FIXED-LENGTH DATA ELEMENTS--GENERAL INFORMATION
fixed length control field 181216s||||||||xx |||||||||||||| ||und||
040 ## - CATALOGING SOURCE
Transcribing agency GE_BSU
080 ## - UNIVERSAL DECIMAL CLASSIFICATION NUMBER
Universal Decimal Classification number 821.353.1-1
100 ## - MAIN ENTRY--PERSONAL NAME
Personal name კონცელიძე-ჯაბნიძე, ნანა
245 ## - TITLE STATEMENT
Title ვედრება
245 ## - TITLE STATEMENT
Remainder of title ლექსები
245 ## - TITLE STATEMENT
Statement of responsibility, etc. რედ. ზ. ფირხალაიშვილი. მხატვ. ლიანა თევზაძე
260 ## - PUBLICATION, DISTRIBUTION, ETC.
Place of publication, distribution, etc. ბათუმი
260 ## - PUBLICATION, DISTRIBUTION, ETC.
Name of publisher, distributor, etc. აჭარა
260 ## - PUBLICATION, DISTRIBUTION, ETC.
Date of publication, distribution, etc. 2002
300 ## - PHYSICAL DESCRIPTION
Extent 147გვ.18სმ.
653 ## - INDEX TERM--UNCONTROLLED
Uncontrolled term ვედრება
653 ## - INDEX TERM--UNCONTROLLED
Uncontrolled term ლექსები
942 ## - ADDED ENTRY ELEMENTS (KOHA)
Koha item type წიგნი
ეგზემპლარები
Withdrawn status Lost status Damaged status Not for loan Date acquired Barcode Date last seen Price effective from Koha item type
        2018-12-17 41516 2018-12-17 2018-12-17 წიგნი
        2018-12-17 41517 2018-12-17 2018-12-17 წიგნი
        2018-12-17 41518 2018-12-17 2018-12-17 წიგნი